MDQL
is popping MORE tags! Check the
thread
!
Quizzes
Events
Quiz Creation
Community
Videos
Private Events
Remove Ads
Sign In
Join for FREE
Feedback
Dark Mode
Quiz Categories
Sports
Geography
Music
Movies
Television
Just For Fun
Miscellaneous
History
Literature
Language
Science
Gaming
Entertainment
Religion
Holiday
For Kids
Quiz Lab
Recent
Popular Today
Quiz Kudos Today
Editor Picks
Curator Picks
Quizzes by...
Day
Popularity
Type
Ratings
Length
Year
Community
Subscriptions
Recent Discussions
Orange Saloon
Badges
Playlists
Quests
Create
Leaderboards
Showdown
Live 5
Trivia Bingo
Activity
Puzzle Library
Sporcle Events
Private Events
Virtual Trivia
Globe League
Become a Host
Pub Owners
SporcleCon
Opinionation
Our Games
Videos
Blog
Mobile Apps
Partnerships
Remove Ads and Go Orange
Feedback
Geography
Country
Landmarks
City
State
Population
World
Capital
Continent
Flags
Europe
Africa
Asia
South America
North America
Oceania
Border
Canada
United Kingdom
Topography
United States
Geography
Country
Landmarks
City
State
Population
World
Capital
Continent
Flags
Europe
Africa
Asia
South America
North America
Oceania
Border
Canada
United Kingdom
Topography
United States
Random Quiz
Search Sporcle
×
Quiz Lab
Quiz Lab
Geography
Population
Type in answers that appear in a list
Type in answers that appear in a list
Classic
Best Score? Go Orange.
Biggest Swiss Cities Stats
Can you name the Biggest Swiss Cities?
By
habasch
5m
33 Questions
373 Plays
373 Plays
373 Plays
Comments
Comments
Give Quiz Kudos
Give Quiz Kudos
-
- Ratings
hide this ad
More Info
Replay
Link that replays current quiz
Next Quiz
Link to next quiz in quiz playlist
You Got
0%
They Got
Avg Score
50%
Avg Friend Score
Upgrade to see
Score Distribution
Jump to the score distribution portion of the page
Score
0/33
Timer
05:00
0
Plays Today
Population (2008)
City
% Correct
358 540
Zürich
99.7%
122 658
Bern
99.5%
179 971
Genève
96.8%
163 521
Basel
89%
119 180
Lausanne
82.3%
58 381
Luzern
76.9%
71 126
St. Gallen
70.5%
53 534
Lugano
68.9%
32 664
Neuchâtel
62.5%
96 462
Winterthur
61.4%
32 513
Chur
59%
28 871
Sion
58.4%
41 642
Thun
56.6%
33 836
Fribourg
56%
49 353
Biel
55.5%
33 693
Schaffhausen
54.2%
25 486
Zug
52.3%
Population (2008)
City
% Correct
23 800
Montreux
47.5%
36 779
La Chaux-de-Fonds
38.1%
25 777
Rapperswil-Jona
35.1%
25 090
Yverdon-les-Bains
33.8%
37 448
Köniz
32.7%
22 450
Frauenfeld
31.9%
30 761
Uster
30.8%
31 160
Vernier
27.3%
25 691
Kriens
26.8%
22 526
Dietikon
26.3%
27 205
Emmen
26%
23 393
Dübendorf
21.2%
27 371
Lancy
20.9%
21 319
Baar
20.6%
20 527
Riehen
18.5%
20 531
Wetzikon (ZH)
16.6%
Quiz Playlist
Details
Report
Send in Message
Add To Playlist
More Info:
Name the Swiss cities and communes with population >20'000.
Classic:
Type in answers that appear in a list
Quiz Source
Last Updated: Feb 16, 2017
Quiz Scoreboard
CHALLENGE
Sign Up to Join the Scoreboard
Show All
Scores
Hide
Comments
May contain spoilers
Recently Published
Image Sorting: Flags VI
by Barbecue
Geography
2m
Find the 'City' Movie
by crazypaving
Movies
60s
Colored Red Africa Blitz
by spor1
Geography
45s
More to Explore
Quiz From the Vault
Featured Blog Post
14 Easter Pick-up Lines to Find Eggs With
hide this ad
You Might Also Like...
Tags
City Quiz
Population Quiz
2008
biggest
Swiss
Today's Top Quizzes in Geography
Browse Geography
hide this ad
Today's Top Quizzes in Population
Browse Population
Top Contributed Quizzes in Geography
1
Colored Red Europe Blitz I
2
Countries of the World - No Outlines Minefield
3
Colored Red Africa Blitz II
4
Colored Red Europe Blitz II
5
Colored Red Europe Blitz III
6
Colored Red Africa Blitz III
7
Colored Red States Blitz I
8
A Different View: World Oceans
9
Colored Red States Blitz II
10
Colored Red States Blitz III
Explore More
Trending Topics
NBA
Marvel
Kpop
Anime
Harry Potter
Disney
Crossword
Country
Pokémon
Soccer
Puzzle
WWE
Song
The Office
NFL
hide this ad
More By:
habasch
Quiz
Plays
Rating
Category
Featured
Created
Deutsch: Tierbezeichnungen
6,849
5.00
Science
Dec 15, 2010
Deutsch: Körperteile in Sprichwörtern
4,445
5.00
Language
Dec 17, 2010
Most popular sports by country
4,422
3.00
Sports
Feb 26, 2010
European Countries in national language
1,055
4.45
Language
Mar 5, 2010
Historic capital cities of the U.S.
766
4.50
History
Feb 26, 2010
Go to Creator's Profile
Score Distribution
Quiz Creator Spotlight
habasch
Follow
Send a Message
Quizzes Created
-
Created Quiz Play Count
-
More By This Creator
Popular Quizzes Today
1
Colored Red Africa Blitz
2
Find the US States - No Outlines Minefield
3
Find the 'City' Movie
4
5x2 Blitz: Bands
5
The Countries of the World
6
Find the Countries of Europe - No Outlines Minefield
7
Find the US States
8
US States
More Geography Quizzes
Hide Oceania's Flags by Capital, Minefield
Quiz Lab
Trending Quizzes
Colored Red Europe Blitz I
Colored Red Europe Blitz II
Colored Red Africa Blitz II
Colored Red Europe Blitz III
Colored Red Africa Blitz III
Recently Updated
How Do You Spell That?
pecheneg
Godzilla Movies
pecheneg
Grab Bag: 4-10 Letters
pecheneg
2024 March Madness Bracket
pecheneg
Famous TV Couples
Peacemaker
Champions League XIs: Real Madrid
pecheneg
Largest US Cities 1790-2010
pecheneg
Rides in Walt Disney World
pecheneg
Most Oscar Losses (Acting)
pecheneg
Beyoncé Albums
pecheneg
Trending Topics
Kpop
NBA
Disney
Crossword
Anime
Marvel
Harry Potter
WWE
Pokémon
Soccer
The Office
Puzzle
Country
NFL
Song
Your Account Isn't Verified!
In order to create a playlist on Sporcle, you need to verify the email address you used during registration. Go to your
Sporcle Settings
to finish the process.
Report this User
Report this user for behavior that violates our
Community Guidelines
.
Details:
Send Report
Go to the Sporcle.com Mobile Site →
Comments